Crossing UP (Registro nro. 15237)

Detalles MARC
000 -LEADER
fixed length control field 00289 a2200109 4500
001 - CONTROL NUMBER
control field ART_18433
005 - DATE AND TIME OF LATEST TRANSACTION
control field 20260410161702.0
008 - FIXED-LENGTH DATA ELEMENTS--GENERAL INFORMATION
fixed length control field 260409a
100 1# - MAIN ENTRY--PERSONAL NAME
Personal name Fernández, Luis Omar
245 10 - TITLE STATEMENT
Title Crossing UP
773 0# - HOST ITEM ENTRY
Title Revista Impuestos
Related parts - Nº 12 (dic. 2012)
Record control number REV639

No hay ítems disponibles.